000 00609nam a2200241Ia 4500
008 150909s9999 xx 000 0 und d
041 _aEnglish
082 _a631.7
082 _bRAO/IM
100 _aRao V K R V
100 _eEditor
245 _aImpact of irrigation: studies of canal, well and tank irrigation in karnataka
260 _aBombay
260 _bHimalaya publishing house
260 _c1979
365 _aRs.80
650 _acanals
650 _aIrrigation
650 _aKarnataka
650 _atank irrigation
650 _aWater conservation
942 _cBK
999 _c231125
_d231125